000 00632nam a2200265Ia 4500
005 20260121165144.0
008 008 260114s9999 xx 000 0 eng d
020 _a9789401774413
037 _aEBOOK
040 _aCRL
040 _beng
040 _cCRL
041 _2eng
041 _aeng
084 _qCRL
100 _aSun Sun Lim
_91048202
245 0 _aMobile Communication and the Family
260 _bSpringer
260 _bSpringer
260 _c2016
856 _uhttps://link.springer.com/openurl?genre=book&isbn=978-94-017-7441-3
942 _cEBOOK
999 _c1613927
_d1613927